Online Catalogue and eLibrary

One hand tied behind us : (Record no. 608)

MARC details
000 -LEADER
fixed length control field 00722cam a2200265 i 4500
001 - CONTROL NUMBER
control field 2309303
005 - DATE AND TIME OF LATEST TRANSACTION
control field 20240325023031.0
008 - FIXED-LENGTH DATA ELEMENTS--GENERAL INFORMATION
fixed length control field 810102s1978 enkabcf b 001 0 eng
020 ## - INTERNATIONAL STANDARD BOOK NUMBER
ISBN 086068007X :
020 ## - INTERNATIONAL STANDARD BOOK NUMBER
ISBN 0860680088 (pbk.)
040 ## - CATALOGING SOURCE (பட்டியலாக்க மூலம்)
Original cataloging agency DLC
Transcribing agency DLC
Modifying agency DLC
082 00 - DDC Classification
Class No. 324.623.
DDC Edition Number 19
Item Number - Author Mark ONE.
100 1# - MAIN ENTRY--PERSONAL NAME
Personal name Liddington, Jill,
245 10 - TITLE STATEMENT
Title One hand tied behind us :
Remainder of title the rise of the women's suffrage movement /
Statement of responsibility, etc. Jill Liddington, Jill Norris.
250 ## - EDITION STATEMENT
Edition statement 1st.
260 ## - PUBLICATION, DISTRIBUTION, ETC.
Place of publication, distribution, etc. London :
Name of publisher, distributor, etc. Virago,
Date of publication, distribution, etc. 1978.
300 ## - PHYSICAL DESCRIPTION
Extent (e.g. Volumes, Pages etc.) 304 p.,
500 ## - GENERAL NOTE
General note Includes index.
650 #0 - SUBJECT ADDED ENTRY--TOPICAL TERM
Topical term or geographic name entry element Women's rights
650 #0 - SUBJECT ADDED ENTRY--TOPICAL TERM
Topical term or geographic name entry element Radicalism
650 #0 - SUBJECT ADDED ENTRY--TOPICAL TERM
Topical term or geographic name entry element Women
650 #0 - SUBJECT ADDED ENTRY--TOPICAL TERM
Topical term or geographic name entry element Women labor union members
700 1# - ADDED ENTRY--PERSONAL NAME
Personal name Norris, Jill,
942 ## - Koha item type (Biblio)
Koha item type Books in Stacks (Lending)
Holdings
Lost status Damaged status Collection code Home library Current library Date acquired Full call number Accession Number Item type
    Lending WERC Library WERC Library 03/25/2024 324.623. ONE. 104 Books in Stacks (Lending)

© WERC Library